000 00563nam a2200229Ia 4500
003 OSt
005 20221006151821.0
006 a|||||r|||| 00| 0
007 ta
008 221006b |||||||| |||| 00| 0 hin d
020 _c237.00
024 _a23,499
037 _cTextual
040 _aEASL
_cEASL
_bhin
041 _2hin
_ahin
100 _aQUESTED R K I
_9110047
245 0 _aSino-Russian relations
260 _aLondon
_bGeorge Allen & Unwin
_c1984
300 _a194p.
_ccm.
942 _cTEXL
_2CC
999 _c1091585
_d1091585